000
00344nam a2200133Ia 4500
008
151001s9999||||xx |||||||||||||| ||und||
100
_a
मधुसूदन घाणेकर
245
_a
विवाहसौख्य
250
_a
1
260
_b
दिलीपराज
260
_c
1996
300
_a
94
365
_b
21
999
_c
975258
_d
975255